banner-ar

الهندسة والعمارة والمتاحف والفنون التشكيلية في العصور الوسطى / (Record no. 63768)

MARC details
000 -الفاتح
حقل البيانات ثابتة الطول 00982nam a22002297a 4500
005 - وقت وتاريخ اخر تعامل مع التسجيلة
رقم الضبط 20240530110658.0
008 - عناصر البيانات ثابتة الطول - معلومات عامة
حقل البيانات ثابتة الطول 171224s2011 ua af f b 000 0 ara d
040 ## - مصدر الفهرسة
وكالة الفهرسة الأصلية EG-CaGPL
082 07 - رقم تصنيف ديوى العشرى
رقم الطبعة 21
رقم التصنيف 701.18/
رقم المادة د هـ
100 1# - المدخل الرئيسى - إسم شخصى
الإسم الشخصى دافنشي ، ليوناردو
245 12 - بيان العنوان
العنوان الهندسة والعمارة والمتاحف والفنون التشكيلية في العصور الوسطى /
بيان المسئوليه,etc تأليف ليوناردو دافنشي ؛ ترجمة فخري رياض موسى .
260 ## - PUBLICATION, DISTRIBUTION, ETC. (IMPRINT)
تاريخ النشر أو التوزيع 2011 .
300 ## - الوصف المادى
التعداد 534 ص :
تفاصيل ماديه اخرى للوعاء ايض ؛
أبعاد الوعاء 24 سم .
504 ## - تبصرة ببليوجرافية
تبصرة ببليوجرافية,الخ ببليوجرافية : ص 529 - 534
650 07 - المدخل الاضافى بالموضوع-مصطلح موضوعى
مصدر الرأس أو المصطلح qrmak
مصطلح موضوعي الفن
650 07 - المدخل الاضافى بالموضوع-مصطلح موضوعى
مصدر الرأس أو المصطلح qrmak
مصطلح موضوعي الفن
التقسيم الفرعي العام تاريخ ونقد
650 07 - المدخل الاضافى بالموضوع-مصطلح موضوعى
مصدر الرأس أو المصطلح qrmak
مصطلح موضوعي الفن
التقسيم الفرعي العام تاريخ ونقد
التقسيم الفرعي الزمني العصور الوسطى
650 07 - المدخل الاضافى بالموضوع-مصطلح موضوعى
مصدر الرأس أو المصطلح qrmak
مصطلح موضوعي العمارة
700 0# - المدخل الاضافى - اسم شخصى
الإسم الشخصى مترجم فخري رياض موسى
942 ## - عناصر المدخل الإضافي( كوها)
مصدر التصنيف او مخطط الترفيف Dewey Decimal Classification
Koha [default] item type كتاب
260 ## - PUBLICATION, DISTRIBUTION, ETC. (IMPRINT)
-- القاهرة :
-- دار الكتاب الحديث ،
Holdings
حالة التراجع حالة الفقد حالة تلف ليس للاعارة المكان المؤقت الموقع الحالى تاريخ الاكتساب اجمالي اﻻعارات رقم الطلب الباركود تاريخ اخر مشاهدة تاريخ تفعيل السعر نوع وعاء كوها
        مكتبة الحضارة الاسلامية مكتبة الحضارة الاسلامية 12/24/2017   701.18/ د هـ 163878 12/24/2017 12/24/2017 كتاب

Powered By

EGPV